Подробности
| 000 -МАРКЕР |
| контрольное поле |
01996nam0a2200373 4500 |
| 001 - ИДЕНТИФИКАТОР ЗАПИСИ |
| контрольное поле |
RU\NLR\bibl\632045 |
| 005 - ИДЕНТИФИКАТОР ВЕРСИИ |
| контрольное поле |
20250610155037.0 |
| 021 ## - НОМЕР ГОСУДАРСТВЕННОЙ РЕГИСТРАЦИИ |
| Код страны |
Российская Федерация |
| Номер |
93-9268 |
| 029 10 - НОМЕР ДОКУМЕНТА (нормативные и технические документы. Неопубликованные документы) |
| Страна |
Российская Федерация |
| Номер |
50406-92 |
| Тип номера документа |
ГОСТ Р |
| 029 10 - НОМЕР ДОКУМЕНТА (нормативные и технические документы. Неопубликованные документы) |
| Страна |
Российская Федерация |
| Номер |
2010-83 |
| Тип номера документа |
ИСО |
| 029 10 - НОМЕР ДОКУМЕНТА (нормативные и технические документы. Неопубликованные документы) |
| Страна |
Российская Федерация |
| Номер |
7047-83 |
| Тип номера документа |
ИСО |
| 035 ## - ДРУГИЕ СИСТЕМНЫЕ НОМЕРА |
| Идентификатор записи |
(NLR Aleph) 000622772 |
| 100 ## - ДАННЫЕ ОБЩЕЙ ОБРАБОТКИ |
| Данные общей обработки |
20050218d1993 |||y0rusy50 ca |
| 101 0# - ЯЗЫК РЕСУРСА |
| Язык текста, звукозаписи и т.д. |
русский |
| 102 ## - СТРАНА ПУБЛИКАЦИИ ИЛИ ПРОИЗВОДСТВА |
| Страна публикации |
Российская Федерация |
| 105 ## - ПОЛЕ КОДИРОВАННЫХ ДАННЫХ: ТЕКСТОВЫЕ МАТЕРИАЛЫ, МОНОГРАФИЧЕСКИЕ |
| Кодированные данные о монографическом текстовом документе |
a|||l|||000yy |
| 200 1# - ЗАГЛАВИЕ И СВЕДЕНИЯ ОБ ОТВЕТСТВЕННОСТИ |
| Основное заглавие |
Винты с полупотайной головкой классов точности А и В |
| Сведения, относящиеся к заглавию |
Технические условия |
| 210 ## - ПУБЛИКАЦИЯ, РАСПРОСТРАНЕНИЕ И ДР. |
| Место издания, распространения и т.д. |
Москва |
| Имя издателя, распространителя и т. д. |
Издательство стандартов |
| Дата издания, распространения и т.д. |
1993 |
| 215 ## - ФИЗИЧЕСКАЯ ХАРАКТЕРИСТИКА |
| Специфическое обозначение материала и объем |
11 с. |
| Другие сведения о физической характеристике |
ил. |
| 229 ## - ОБЛАСТЬ СПЕЦИФИЧЕСКИХ СВЕДЕНИЙ: НОРМАТИВНО-ТЕХНИЧЕСКИЕ И ТЕХНИЧЕСКИЕ ДОКУМЕНТЫ (устаревшее) |
| Сведения |
Введ. 01.01.94 |
| 300 ## - ОБЩИЕ ПРИМЕЧАНИЯ |
| Текст примечания |
Заменен на ГОСТ Р ИСО 2010-2013 в части винтов с прямым шличем |
| -- |
Заменен на ГОСТ Р ИСО 7047-2013 |
| 442 #0 - ЗАМЕНЕН НА ... |
| Встроенное поле |
001RU\NLR\BIBL_A\010414502 |
| -- |
200#1$aВинты с полупотайной головкой со шлицем. Класс точности А |
| Системный номер (АБИС) связанной записи |
9779921 |
| Место публикации |
Москва |
| Дата публикации |
2014 |
| Имя издателя, распространителя и т.д. |
Стандартинформ |
| Сведения, относящиеся к заглавию |
Класс точности А |
| Физическая характеристика |
IV, 7 с. |
| Заглавие |
Винты с полупотайной головкой со шлицем |
| 442 #0 - ЗАМЕНЕН НА ... |
| Встроенное поле |
001RU\NLR\BIBL_A\010472384 |
| -- |
200#1$aВинты с полупотайной головкой и крестообразным шлицем типа H или типа Z. Класс точности А |
| Системный номер (АБИС) связанной записи |
10026431 |
| Место публикации |
Москва |
| Дата публикации |
2014 |
| Имя издателя, распространителя и т.д. |
Стандартинформ |
| Сведения, относящиеся к заглавию |
Класс точности А |
| Физическая характеристика |
II, 6 с. |
| Заглавие |
Винты с полупотайной головкой и крестообразным шлицем типа H или типа Z |
| 610 0# - НЕКОНТРОЛИРУЕМЫЕ ПРЕДМЕТНЫЕ ТЕРМИНЫ |
| Предметный термин |
винты. шпильки |
| 686 ## - ИНДЕКСЫ ДРУГИХ КЛАССИФИКАЦИЙ |
| Индекс |
Г32 |
| Издание |
1941 |
| Код системы |
общеросс. классификатор стандартов |
| 801 #0 - ИСТОЧНИК ЗАПИСИ |
| Страна |
Российская Федерация |
| Организация |
NLR |
| Дата составления |
20050218 |
| Правила каталогизации |
PSBO |
| 801 #1 - ИСТОЧНИК ЗАПИСИ |
| Страна |
Российская Федерация |
| Организация |
NLR |
| Дата составления |
20050218 |
| Источник данных |
ntd_isis |
| 801 #2 - ИСТОЧНИК ЗАПИСИ |
| Страна |
Российская Федерация |
| Организация |
NLR |
| Дата составления |
20050218 |
| Правила каталогизации |
PSBO |
| Источник данных |
rusmarc |
| 852 ## - МЕСТОНАХОЖДЕНИЕ И ШИФР ХРАНЕНИЯ |
| Идентификатор организации |
NLR |
| Шифр хранения (Call Number) |
Пт |
| 942 ## - ДОПОЛНИТЕЛЬНЫЕ ЭЛЕМЕНТЫ ЗАПИСИ (АБИС) |
| Тип экземпляра АБИС |
Книга |
| 980 ## - КОЛЛЕКЦИЯ |
| Название коллекции |
Национальная библиография |